| 000 | 01019nam a22002657a 4500 | ||
|---|---|---|---|
| 001 | 9548 | ||
| 003 | FISKH | ||
| 005 | 20260122091240.0 | ||
| 008 | 260122b cb ||||| |||| 00| 0 eng d | ||
| 020 | _a9781420745443 | ||
| 040 |
_aFISKH _beng _cFISKH _dFISKH |
||
| 050 | _aPZ7 | ||
| 082 | _a910 | ||
| 100 |
_aBatra, Vaishali _eAuthor |
||
| 245 |
_aGreat landmarks / _cWritten by Vaishali Batra |
||
| 260 |
_aMarlborough : _bSundance Publishing , _c2015 |
||
| 300 |
_a24 pages : _bcolor illustrations ; _c19 cm |
||
| 505 | _aN | ||
| 520 | _aLandmarks stand out from what is around them. Some landmarks are natural, such as mountains. Some landmarks are built by people. This book is about landmarks. These are often called monuments. They often stand for something, or are symbols. They may honor great people or events. These are many built landmarks in the world. | ||
| 521 | 8 |
_a530
_bLexile |
|
| 521 | 8 |
_aN
_bRaz-Plus |
|
| 650 |
_aMonuments _vHonor great people |
||
| 942 |
_2ddc _cBK _n0 |
||
| 999 |
_c9548 _d9548 |
||